| 000 | 00616nam a2200241 a 4500 | ||
|---|---|---|---|
| 001 | nice12345678 | ||
| 003 | IN_TiNIC | ||
| 005 | 20260116012041.0 | ||
| 008 | 050524s1956 newa grp 000 0 eng | ||
| 020 |
_a _c92 |
||
| 082 | 0 | 0 |
_a232 _bBUT |
| 100 | _aButtrick, George | ||
| 245 |
_aChrist and Man`s Delamma _b Author of Prayer Applies His Spiritual Insight to |
||
| 260 |
_aNew York _bAbingdon Press _c1956 |
||
| 300 | _a224p | ||
| 500 | _aincludes index and biblioraphy | ||
| 505 | 2 | _aIndex | |
| 650 | _aJesus Christ | ||
| 700 | 1 | _aButtrick, George | |
| 902 | _bSRS | ||
| 942 | _cBK | ||
| 999 |
_c5430 _d5430 |
||